Statistieken voor Landen rond de Middellandse Zee op een Lege Kaart

Klik hier om de quiz te nemen!

Algemene statistieken

  • Deze quiz is 1.050 keer genomen
  • De gemiddelde score is 20 van 21

Antwoorden op de kaart

Antwoorden kleurgecodeerd door een groen-rode schaal op de quizkaart volgens % correct hieronder.
 

Antwoordstatistieken

Land% Correct
Italië
100%
Egypte
99%
Frankrijk
99%
Griekenland
99%
Spanje
99%
Kroatië
98%
Marokko
98%
Turkije
98%
Albanië
97%
Cyprus
97%
Algerije
96%
Bosnië en Herzegovina
96%
Israël
95%
Libië
95%
Tunesië
95%
Montenegro
92%
Syrië
88%
Libanon
87%
Malta
86%
Slovenië
85%
Monaco
79%

Scoreverdeling

Percentiel versus Aantal Correcte Antwoorden

Procent van Mensen met Elke Score

Uw Scoregeschiedenis

U heeft deze quiz nog niet genomen